LEADER 01025nam a2200241 u 4500 001 000000021328 003 CaOOAMICUS 005 20070226111011.0 008 950320s1892 it u000 u ita u 035 $a10526376 040 $aPUL(R)$bita 100 1 $aPatetta, Federico,$d1867-1945.$0(OLS)http://pul/name/14560 245 14$aLa "Lex Frisionum" :$bstudii sulla sua origine e sulla critica del testo /$cFederico Patetta. 260 $aTorino :$bClausen,$c1892. 300 $a98 p. ;$c31 cm 500 $aContiene appendice con testo in latino della legge. 504 $aBibliografia in nota. 630 04$aLex Frisionum.$0(OLS)http://pul/subject/13758 850 $aPUL 852 $aPUL$W1$xDP1 Antico 800$y27$m182 D 1$j29926$nBK-PRI$b $qStampati Antico$B29926$CPULBib$Z2$F29926 $H $81 941 1 $a15 996 $6245$aLa "Lex Frisionum" :$bstudii sulla sua origine e sulla critica del testo$9(OLS)http://pul/title/29879 996 $6260$aTorino :$bClausen$9(OLS)http://pul/publisher/52230 LEADER 01174nam a2200265 u 4500 001 000000023240 003 CaOOAMICUS 005 20070226111221.0 008 950520s1947 vc u000 u lat u 035 $a10583599 040 $aPUL(R)$bita 100 1 $aSchäfer, Timotheus,$cO.F.M.Cap.$0(OLS)http://pul/name/19616 245 10$aDe religiosis ad normam Codicis iuris canonici /$cedidit P. Timotheus Schaefer O.F.M. Cap. 250 $aEd. 4a aucta et emendata. 260 $aIn Civitate Vaticana :$bTypis polyglottis vaticanis,$c1947. 300 $alxiv, 1214 p. ;$c25 cm 500 $aInclude indici. 504 $aBibliografia in nota. 650 4$aReligiosi.$0(OLS)http://pul/subject/5553 650 4$aDiritto canonico.$0(OLS)http://pul/subject/1294 850 $aPUL 852 $aPUL$W1$xDP1 Diritto e Scienze Sociali 2$y90$mApudBibl C 31$j32610$nBK-PRI$b $qStampati altre collocazioni$B32610$CPULBib$Z2$F32610 $H $81 941 1 $a10 996 $6245$aDe religiosis ad normam Codicis iuris canonici$9(OLS)http://pul/title/32339 996 $6260$aIn Civitate Vaticana :$bTypis polyglottis vaticanis$9(OLS)http://pul/publisher/49015